000 00774nam a2200205Ii 4500
003 JO-AjNU
008 230605s9999||||xx |||||||||||||| ||und||
040 _aJO-AjNU
_bara
_erda
_cJO-AjNU
041 _aara
050 1 4 _aHM24 .R3742 1989
100 3 _aرشوان،حسين عبدالحميد احمد,
_eauthor
_910136
245 0 0 _aالفلسفة الاجتماعية : الاتجاهات النظرية في علم الاجتماع
250 _aط2
264 3 1 _aالاسكندرية: المكتب الجامعي الحديث، 1989
300 _a271ص
_bيحتوي على ببلوغرافية من 255-271ص
336 _atext
_btxt
_2rdacontent
337 _aunmediated
_bn
_2rdamedia
338 _avolume
_bnc
_2rdacarrier
650 4 _aعلم الاجتماع
_910137
999 _aA1654
_c5222
_d5222